000 00450nam a2200169 a 4500
001 2350
003 CO-ViMGA
008 141112s2004 ck r 000 u spa d
040 _aCO-ViMGA
_bspa
_cCO-ViMGA
082 0 4 _a190 L967p
100 1 _aLyotard, Jean - Francois
_951184
245 1 0 _aLa posmodernidad :
_b(explicada a los niƱos)
260 _aBarcelona :
_bGedisa,
_c1996
300 _a123 p
650 1 4 _aPOSMODERNIDAD
_951185
942 _2ddc
_cBK
999 _c14449
_d14449